Library Banner

The Still point of the turning world / (Record no. 107134)

MARC details
000 -LEADER
fixed length control field 00558cam a2200205 a 4500
001 - CONTROL NUMBER
control field vtls000188532
005 - DATE AND TIME OF LATEST TRANSACTION
control field 20180906110909.0
008 - FIXED-LENGTH DATA ELEMENTS--GENERAL INFORMATION
fixed length control field 170907s2017 nyu 000 0 eng d
020 ## - INTERNATIONAL STANDARD BOOK NUMBER
International Standard Book Number 9789352643813
040 ## - CATALOGING SOURCE
Transcribing agency PK-LaUMT
082 ## - DEWEY DECIMAL CLASSIFICATION NUMBER
Classification number 891.4393
Item number SHE-S
100 1# - MAIN ENTRY--PERSONAL NAME
Personal name Sheheryar B.Sheikh
245 10 - TITLE STATEMENT
Title The Still point of the turning world /
Statement of responsibility, etc Sheheryar B. Sheikh
260 ## - PUBLICATION, DISTRIBUTION, ETC. (IMPRINT)
Place of publication, distribution, etc New Delhi :
Name of publisher, distributor, etc HarperCollins publishers,
Date of publication, distribution, etc 2017
300 ## - PHYSICAL DESCRIPTION
Extent 320 p.
546 ## - LANGUAGE NOTE
Language note In English
650 ## - SUBJECT ADDED ENTRY--TOPICAL TERM
Topical term or geographic name as entry element Fiction
942 ## - ADDED ENTRY ELEMENTS (KOHA)
Koha item type Books
Holdings
Withdrawn status Lost status Damaged status Home library Current library Date acquired Full call number Barcode Date last seen Price effective from Koha item type
      UMT Main Campus UMT Main Campus 2018-08-29 891.4393 SHE-S 122586 2025-12-29 2018-08-29 Books